000 00251nam a2200097Ia 4500
008 230915s9999 xx 000 0 und d
050 _aPE 1128 .N49 2006
100 _aGathambi, Agnes
245 0 _aNew Integrated English Student's Book 2
942 _cBK
999 _c174134
_d174134